000 00438nam a2200157 i 4500
001 36818
003 ES-MaACL
005 20230906155440.0
007 t|
008 030219s1967 mx ||||1| spa d
100 1 _aBullejos, José.
_932509
245 1 0 _aEspaña en la Segunda República /
_cJosé Bullejos.
260 _aMéxico :
_b[s.n.,
_c1967] (
_fImp. Moderna)
300 _a183 p. ;
_c19 cm.
852 _aES-MaACL
_jE-10042
_bR.94024
999 _c36818
_d36818